000
00197nam a22000977a 4500
041
_a
ENG
245
_a
References On Hydraulic
260
_a
Delhi
_b
Ram
_c
1996
650
_a
IDE
856
_u
IDE ( 18 )
999
_c
1514
_d
1514